000 00335nam a2200109Ia 4500
008 171204s9999 xx 000 0 und d
245 _aBlender 3D: Designing Objects:
245 _cPierre-Armand Nicq and Romain Caudron
260 _c2016
650 _xGAME DESIGN AND PRODUCTION
856 _uhttp://down.ebook777.com/057/1787122468.pdf
999 _c346311
_d346311